000 00432nam a2200157Ia 4500
003 OSt
005 20240209101649.0
008 170523s9999 xx 000 0 und d
020 _a ‎ 978-8171695317
040 _ciimt university meerut
100 _aD` SOUZA- YK
245 0 _aPRINCIPLES AND ETHICS OF JOURNALISM AND MASS COMMUNICATION
260 _bCOMMAN WEALTHIMALAYA PUBLICATIONUBLICATION
260 _c1998
942 _2ddc
_c02
999 _c438
_d438